| 000 | 00734 a2200241 4500 | ||
|---|---|---|---|
| 003 | CBULib | ||
| 005 | 20260121135659.0 | ||
| 008 | 260121b |||||||| |||| 00| 0 eng d | ||
| 020 | _a9781529702224 | ||
| 040 |
_bEnglish _cCBULib _erda |
||
| 041 | _aeng | ||
| 050 | _aHV 41 Kil | ||
| 100 | _aKillick, Campbell | ||
| 245 |
_aAssessment, risk and decision making in social work : an introduction _c/ by Campbell Killick and Brian J. Taylor |
||
| 260 |
_bSAGE, _c2020 _aLondon : |
||
| 300 | _axx, 186 pages : illustrations | ||
| 336 |
_2rdacontent _aText | _btxt |
||
| 337 |
_2rdamedia _aUnmediated | _bn |
||
| 338 |
_2rdacarrier _aVolume _bnc |
||
| 650 | 0 |
_92863 _aSOCIOLOGY |
|
| 700 |
_94673 _aTaylor, Brian J |
||
| 942 |
_2lcc _c002 |
||
| 999 |
_c86610 _d86610 |
||